| 000 | 00634cam a22002411 4500 | ||
|---|---|---|---|
| 001 | sa 68018046 | ||
| 003 | DLC | ||
| 005 | 20260227112708.0 | ||
| 008 | 730924s1964 xx 000 0 ind | ||
| 010 | _asa 68018046 | ||
| 035 | _a(OCoLC)697620 | ||
| 040 |
_aDLC _cOAU _dDLC |
||
| 042 | _apremarc | ||
| 050 | 0 | 0 |
_aBP186.45 _b.I5 |
| 110 | 1 |
_aIndonesia. _bAngkatan Darat. _bPusat Rawatan Rohani Islam. |
|
| 245 | 1 | 0 | _a'Idul Fithri dan zakat fithrah. |
| 260 |
_a[Djakarta, _c1964?] |
||
| 300 |
_a19 p. _c15 cm. |
||
| 500 | _a"Seri ke III tahun 1964." | ||
| 500 | _aCover title. | ||
| 650 | 0 | _aZakat. | |
| 650 | 0 | _aʻĪd al-Fiṭr. | |
| 999 |
_c88139 _d88139 |
||